000 00202nam a2200085Ia 4500
008 120527s9999 xx 000 0 und d
100 _aWolopich & Moore
245 _aBiology:Laboratory manual
942 _cBK
999 _c27286
_d27286